[Event "San Francisco TNM Spring op"]
[Site "San Francisco"]
[Date "2012.04.24"]
[Round "7"]
[White "Ochoa, Jason"]
[Black "Thomas, Melvin"]
[Result "0-1"]
[WhiteElo "1906"]
[BlackElo "1774"]
[PlyCount "72"]
[EventDate "2012.03.13"]
[EventType "swiss"]
[EventRounds "8"]
[EventCountry "USA"]
[SourceTitle "EXT 2014"]
[Source "ChessBase"]
[SourceDate "2013.11.20"]
[SourceVersion "1"]
[SourceVersionDate "2013.11.20"]
[SourceQuality "1"]

1. c4 c6 2. g3 d5 3. Bg2 Nf6 4. Nf3 Bf5 5. 0-0 h6 6. b3 e6 7. Bb2 Be7 8. d3 0-0 9. Nbd2 Nbd7 10. Rc1 Qc7 11. Re1 Rfd8 12. cxd5 exd5 13. e4 dxe4 14. dxe4 Bh7 15. Qe2 Bb4 16. a3 Ba5 17. b4 Bb6 18. h3 Qxg3 19. Bd4 Bxd4 20. Nxd4 Qxa3 21. e5 Re8 22. e6 fxe6 23. Nxe6 Bg6 24. Nc4 Qxb4 25. Qf3 Bf7 26. Qf5 Nf8 27. Re3 Bxe6 28. Rxe6 Rxe6 29. Ne5 Rae8 30. f4 Qd4+ 31. Kh1 Rxe5 32. fxe5 Qxe5 33. Qc2 Nd5 34. Qb3 Re7 35. Rg1 Ng6 36. Rd1 Ngf4 0-1

[Event "San Francisco TNM Litowsky op"]
[Site "San Francisco"]
[Date "2011.08.23"]
[Round "4"]
[White "Siddarth, Bannik"]
[Black "Thomas, Melvin"]
[Result "1-0"]
[WhiteElo "1892"]
[BlackElo "1606"]
[PlyCount "67"]
[EventDate "2011.08.02"]
[EventType "swiss"]
[EventRounds "9"]
[EventCountry "USA"]
[SourceTitle "EXT 2016"]
[Source "ChessBase"]
[SourceDate "2015.10.08"]
[SourceVersion "1"]
[SourceVersionDate "2015.10.08"]
[SourceQuality "1"]

1. e4 c5 2. Nf3 d6 3. d4 cxd4 4. Nxd4 Nf6 5. Nc3 a6 6. f4 e6 7. Qf3 Qc7 8. Bd3 Be7 9. g4 Nc6 10. Nde2 b5 11. g5 Nd7 12. b3 Bb7 13. Bb2 Nb4 14. 0-0 Nc5 15. Rac1 Qb6 16. Kh1 d5 17. Qf2 Rb8 18. exd5 Nxd5 19. Nxd5 Bxd5+ 20. Kg1 0-0 21. Bd4 Qc6 22. f5 e5 23. f6 Bd6 24. fxg7 Rfe8 25. Bf5 Rb7 26. Qh4 Kxg7 27. Qxh7+ Kf8 28. g6 exd4 29. g7+ Ke7 30. Nxd4 Bxh2+ 31. Qxh2 Qf6 32. Rce1+ Ne6 33. Nc6+ Kd7 34. Bxe6+ 1-0

[Event "San Francisco TNM Litowsky op"]
[Site "San Francisco"]
[Date "2011.08.02"]
[Round "1"]
[White "Thomas, Melvin"]
[Black "Chamberlain, Ethan J"]
[Result "1-0"]
[WhiteElo "1606"]
[BlackElo "1953"]
[PlyCount "61"]
[EventDate "2011.08.02"]
[EventType "swiss"]
[EventRounds "9"]
[EventCountry "USA"]
[SourceTitle "EXT 2016"]
[Source "ChessBase"]
[SourceDate "2015.10.08"]
[SourceVersion "1"]
[SourceVersionDate "2015.10.08"]
[SourceQuality "1"]

1. d4 Nf6 2. c4 g6 3. Nf3 Bg7 4. g3 0-0 5. Bg2 c5 6. d5 Ne4 7. 0-0 Qb6 8. Qc2 f5 9. Nbd2 Nxd2 10. Nxd2 d6 11. Rb1 Nd7 12. Nf3 Nf6 13. b3 f4 14. Nh4 Nh5 15. Bf3 g5 16. Bxh5 gxh4 17. Bxf4 Bh3 18. Rfe1 hxg3 19. hxg3 Rf5 20. Bf3 Qc7 21. Qe4 Raf8 22. Kh2 Rxf4 23. gxf4 Bf5 24. Qe3 Bd4 25. Qd2 Rf6 26. e4 Rh6+ 27. Kg1 Bh3 28. f5 Rf6 29. Kh2 Bxf5 30. exf5 e6 31. Qg5+ 1-0

[Event "San Francisco TNM Fall op"]
[Site "San Francisco"]
[Date "2010.11.30"]
[Round "7"]
[White "Salvo, Tab"]
[Black "Thomas, Melvin"]
[Result "0-1"]
[WhiteElo "1762"]
[BlackElo "1613"]
[PlyCount "98"]
[EventDate "2010.10.20"]
[EventType "swiss"]
[EventRounds "9"]
[EventCountry "USA"]
[SourceTitle "EXT 2012"]
[Source "ChessBase"]
[SourceDate "2011.11.24"]
[SourceVersion "1"]
[SourceVersionDate "2011.11.24"]
[SourceQuality "1"]

1. Nf3 d5 2. c4 c6 3. c5 Nf6 4. g3 Bf5 5. Bg2 h6 6. 0-0 e6 7. d4 Be7 8. Nc3 0-0 9. Re1 Na6 10. a3 Nc7 11. b4 a5 12. Bb2 axb4 13. axb4 Rxa1 14. Qxa1 Na6 15. Qa4 Nd7 16. Ra1 Ndb8 17. b5 cxb5 18. Qxb5 Qc8 19. Rb1 Bxb1 20. Nxb1 Nc6 21. Bc3 Qa8 22. Bf1 Nc7 23. Qd3 Ne8 24. e3 Nf6 25. Nfd2 Qa4 26. Be2 Nb4 27. Bxb4 Qxb4 28. Bd1 Ra8 29. Bc2 Ra1 30. Kg2 Qb2 31. h3 Ra2 32. Bb3 Ra1 33. g4 Ne4 34. Bc2 f5 35. gxf5 exf5 36. Bb3 Nf6 37. Qxf5 Rxb1 38. Bxd5+ Nxd5 39. Qxd5+ Kh8 40. Nxb1 Qxb1 41. Qe6 Bf6 42. d5 Qg6+ 43. Kh2 Qh5 44. Qc8+ Kh7 45. Qxb7 Be5+ 46. Kg2 Qg6+ 47. Kf1 Qd3+ 48. Kg2 Qe4+ 49. Kg1 Qg6+ 0-1

[Event "San Francisco TNM Fall op"]
[Site "San Francisco"]
[Date "2010.11.23"]
[Round "6"]
[White "Abraham, Renjish"]
[Black "Thomas, Melvin"]
[Result "1-0"]
[WhiteElo "1821"]
[BlackElo "1613"]
[PlyCount "63"]
[EventDate "2010.10.20"]
[EventType "swiss"]
[EventRounds "9"]
[EventCountry "USA"]
[SourceTitle "EXT 2012"]
[Source "ChessBase"]
[SourceDate "2011.11.24"]
[SourceVersion "1"]
[SourceVersionDate "2011.11.24"]
[SourceQuality "1"]

1. d4 d5 2. c4 c6 3. Nc3 Nf6 4. Nf3 Bg4 5. h3 Bh5 6. cxd5 cxd5 7. Bf4 Nc6 8. a3 a6 9. b4 b5 10. Rc1 Rc8 11. e3 e6 12. Be2 Bd6 13. Bxd6 Qxd6 14. 0-0 0-0 15. Nd2 Bg6 16. Nb3 Nd7 17. Nc5 Ncb8 18. a4 bxa4 19. Qxa4 Rc6 20. Ra1 Nb6 21. Qb3 N6d7 22. Ra5 Rb6 23. Rfa1 Kh8 24. N3a4 Rc6 25. Nxd7 Qxd7 26. Nc5 Qc8 27. Bxa6 Nxa6 28. Rxa6 Rxa6 29. Rxa6 Qc7 30. b5 Rb8 31. b6 Qc6 32. b7 1-0